02417nam a2200277 i 4500003000900000005001700009007000300026008004100029020001800070040003000088041000800118082002000126245017500146246021400321264008100535300004300616336002700659337003300686338002800719500019400747504003100941520106000972650003902032650003702071650003102108DO-SdBNP20260429123224.0ta251015e2025 dr d|||gr ||| 001 0 spa d a9789945929195 aDO-SdBNPbspacBNPHUerda aspa 4axxxxbP953i22210aEstudio de las leyes No. 33-18 de partidos, movimientos y agrupaciones políticas y la ley orgánica de régimen electoral No. 20-23 : bpropuestas de modificación /1 aObservación electoral y participación política de las mujeres :bEstudio de las leyes No. 33-18 de partidos, movimientos y agrupaciones políticas y la ley orgánica de régimen electoral No. 20-23 /  aSanto Domingo, República Dominicana : bParticipación Ciudadana,c2025. a133 páginas ;bgráficas ; c28 cm. atextobtxt2rdacontent asin mediaciónbn2rdamedia avolumenbnc2rdacarrier aDiagnóstico del sistema electoral y de partidos de la República Dominicana: propuestas para la reforma de las leyes No. 18-33 de partidos y No. 20-23 Orgánica de Régimen Electoral.  aBibliografía p: 123-125. aEl “Diagnóstico del sistema electoral y de partidos de la República Dominicana: propuestas para la reforma de las Leyes No. 33-18 de Partidos y No. 20-23 del Régimen Electoral” identifica problemas persistentes como la sobrerrepresentación de mayorías, el debilitamiento de la democracia interna en los partidos, la opacidad del financiamiento político, la inequidad en el acceso a medios y la falta de aplicación efectiva de sanciones electorales. También destaca el bajo nivel de confianza ciudadana en los partidos y la necesidad de profesionalizar su funcionamiento. Frente a estos desafíos, el estudio propone las reformas pertinentes. Esta investigación forma parte del proyecto “Observación Electoral y Participación Política de las Mujeres y los Jóvenes” que desarrolla Participación Ciudadana en coordinación con el Centro de Investigación y Acción Femenina con el objetivo de contribuir al fortalecimiento institucional y a la calidad democrática del país auspiciado por la Unión Europea (UE). 4aEleccioneszRepública Dominicana 4aSufragiozRepùblica Dominicana20aParticipación política